000 00448nam a2200157Ia 4500
003 GCL
008 140319s9999 xx 000 0 eng d
040 _aGCL /
_cGCL
082 0 4 _a700.942
_bF C
100 1 _aFARD, BARIS
245 1 0 _aThe Cambridge Guide to the Arts in Britian Since the Second World War. /
_cFARD, BARIS
260 _a[S.N] :
_bCOMBRIDGE UNIVERSITY PRESS ،
_c1988
300 _a369
650 0 4 _aART, ENGLAND
942 _2ddc
_cBK
999 _c17580
_d17580